000 00327nam a22001337a 4500
008 171103b xxu||||| |||| 00| 0 eng d
020 _a9780273655213
041 _aeng
080 _24 ED
_a339.138
100 _a60
101 _aMAR
245 _aINTERNATIONAL MARKETING AND EXPORT MANAGEMENT
_cGERALD.A
942 _2udc
_cBK
999 _c37568
_d37568